000 00644nam a2200205 i 4500
001 62943
003 ES-MaACL
005 20240205165144.0
007 t|
008 031127s1971 sp ||||1| spa d
100 1 _aFernández Cuenca, Carlos,
_d1904-1977
_949611
245 1 0 _aPicasso, en el cine también /
_cCarlos Fernández Cuenca.
260 _aMadrid :
_bEditora Nacional,
_c1971.
300 _a285 p., 32 lám. ;
_c25 cm.
490 1 _aColección C.A.
_aSerie B
600 1 4 _aPicasso, Pablo,
_d1881-1973
_991794
830 1 _aColección C.A.
_aSerie B
_9230653
852 _aES-MaACL
_jC-37597
999 _c62943
_d62943